000 00559nam a2200181Ia 4500
001 20175
005 20260306172747.0
008 260306t2015||||xx |||||||||||||| ||spa||
041 _aESP
082 _a342.812
_bG26
100 _aGarro, Alejandro M.
_eAUT
245 0 _aHacia una interpretación uniforme de la convención de viena sobre compraventa internacional de mercaderías:
_bopiniones y declaraciones del consejo consultivo
260 _c2015
300 _a465 páginas :
_c24 cm.
650 _aGEN
654 _aCDE
942 _cLIB
_dJUS
_fJUS
_2ddc
_n
999 _c20175
_d20175